Quick Pick: SNL Characters Quiz Stats

 Plays Quiz Updated Mar 12, 2016

Score 0/10 Timer 01:00
0 Plays Today
% Correct
Tina Fey
92.6%
Will Ferrell
84.1%
Molly Shannon
81.6%
Bill Hader
75.3%
Tim Meadows
74.5%
Rachel Dratch
71.6%
Chris Kattan
71.3%
Will Forte
70.8%
Kristen Wiig
67.3%
Amy Poehler
61.6%

Today's Daily Dose

You're not logged in!

Compare scores with friends on all Sporcle quizzes.
OR
Log In

You Might Also Like...

Show Comments

Extras

Top Quizzes Today


Score Distribution

Your Account Isn't Verified!

In order to create a playlist on Sporcle, you need to verify the email address you used during registration. Go to your Sporcle Settings to finish the process.

Report this User

Report this user for behavior that violates our Community Guidelines.

Details: